Statistics for The 39 countries bigger than Texas

Click here to take the quiz!

General Stats

  • This quiz has been taken 44 times
    (10 since last reset)
  • The average score is 28 of 39

Answer Stats

HintAnswer% Correct
2,381,741Algeria
100%
2,780,400Argentina
100%
7,741,220Australia
100%
8,515,767Brazil
100%
9,984,670Canada
100%
3,287,263India
100%
1,648,195Iran
100%
1,564,110Mongolia
100%
17,098,242Russia
100%
9,525,067United States
100%
9,596,961China
86%
2,344,858Democratic Republic of the Congo
86%
1,759,540Libya
86%
1,964,375Mexico
86%
1,267,000Niger
86%
2,149,690Saudi Arabia
86%
1,861,484Sudan
86%
1,284,000Chad
71%
756,096Chile
71%
1,904,569Indonesia
71%
2,724,900Kazakhstan
71%
1,240,192Mali
71%
923,768Nigeria
71%
1,285,216Peru
71%
1,221,037South Africa
71%
783,562Turkey
71%
1,246,700Angola
57%
1,002,450Egypt
57%
881,912Pakistan
57%
1,098,581Bolivia
43%
1,141,748Colombia
43%
1,104,300Ethiopia
43%
825,615Namibia
43%
916,445Venezuela
43%
2,166,066Greenland
29%
1,030,700Mauritania
29%
945,087Tanzania
29%
752,612Zambia
29%
801,590Mozambique
14%

Score Distribution

Percentile by Number Answered

Percent of People with Each Score

Your Score History

You have not taken this quiz since the last reset